| 000 | 00508nam a2200205Ia 4500 | ||
|---|---|---|---|
| 003 | LK-CoDNM | ||
| 005 | 20240320105045.0 | ||
| 008 | 010623t1913 xxu||||| |||| 00| 1 eng d | ||
| 040 |
_aLK-CoDNM _dLK-CoDNM _eLK-CoDNM |
||
| 041 | _aeng | ||
| 080 | _aA78 | ||
| 100 | _aAndersen,Dines | ||
| 245 | _aThe Sutta Nipata | ||
| 260 |
_bThe Pali Text Society _aLondon _c1913 |
||
| 300 |
_bDamaged _axiii,226,21 cm |
||
| 650 | _aBuddhism | ||
| 650 | _aSuthra Pitaka | ||
| 700 |
_aSmith,Helmer _eed.. |
||
| 942 | _cBK | ||
| 999 |
_c87765 _d87765 |
||